| 000 | 00369nam a2200145Ia 4500 | ||
|---|---|---|---|
| 008 | 150201s2012 xx 000 0 und d | ||
| 082 |
_a610.7 _bP12C |
||
| 100 | _aCLEMENT, I. | ||
| 245 | _aPRACTICAL RECORD / CUMUULATIVE RECORD FOR BASIC B.SC NURSING COURSE | ||
| 250 | _a3RD | ||
| 260 |
_bJAYPEE _aDELHI _c2012 |
||
| 300 | _a63 | ||
| 650 | _aNURSING | ||
| 942 |
_2ddc _cBK |
||
| 999 |
_c2397 _d2397 |
||